|
|
|
|
| LEADER |
00000nam a2200000 a 4500 |
| 001 |
vtls001521687 |
| 003 |
SK-MaSNL |
| 005 |
20260302073922.0 |
| 008 |
240314s2005 xo f 000 0 cze |
| 015 |
|
|
|a SNBA2005/04-01248
|
| 020 |
|
|
|a 8089115772
|q (brož.)
|
| 035 |
|
|
|a 0FAFB0DF-112E-454B-A645-C328C10BB69F
|
| 035 |
|
|
|a urn:nbn:sk:snk-amjdvf
|
| 035 |
|
|
|a urn:nbn:sk:snk-am000yvo
|
| 040 |
|
|
|a SNK
|b slo
|c SNK
|e AACR2
|
| 041 |
1 |
|
|a cze
|h eng
|
| 044 |
|
|
|a xo
|c SK
|
| 072 |
|
7 |
|a 17
|x Etika. Morálna psychológia
|2 konspekt
|
| 080 |
|
|
|a 171
|2 1997
|
| 080 |
|
|
|a 364.6-027.233.4
|2 1997
|
| 080 |
|
|
|a 316.64
|2 1997
|
| 080 |
|
|
|a 179.6
|2 1997
|
| 080 |
|
|
|a 159.9.016.1
|2 1997
|
| 080 |
|
|
|a (048.8)
|2 1997
|
| 080 |
|
|
|a 17
|2 1997
|
| 100 |
1 |
|
|a Finley, Guy
|4 aut
|9 667161
|
| 240 |
1 |
4 |
|a The secret of letting go
|l Česky
|
| 245 |
1 |
0 |
|a Jak se zbavit minulosti
|c Guy Finley; [překlad: Dagmar Brejlová]
|
| 250 |
|
|
|a 1. vyd.
|
| 260 |
|
|
|a Bratislava
|b Eugenika
|c 2005
|
| 300 |
|
|
|a 189 s.
|c 20 cm
|
| 650 |
0 |
7 |
|a psychohygiena
|2 SNKPH
|9 2574
|
| 650 |
0 |
7 |
|a životné postoje
|2 SNKPH
|9 67721
|
| 650 |
0 |
7 |
|a životné krízy
|2 SNKPH
|9 74533
|
| 650 |
0 |
7 |
|a životné problémy
|2 SNKPH
|9 4390
|
| 650 |
0 |
7 |
|a duševné zdravie
|2 konspekt
|9 2573
|
| 655 |
|
7 |
|a monografie
|2 SNKPH
|9 70139
|
| 700 |
1 |
|
|a Brejlová, Dagmar
|4 trl
|9 306810
|
| 919 |
|
|
|a 80-89115-77-2
|
| 968 |
|
|
|a Čes
|b ENG
|d 1
|
| 999 |
|
|
|c 1162874
|d 1164804
|
| 952 |
|
|
|a SNK
|b SNK
|y PREZ
|7 0
|p 17A0461773
|o snkSD 74661
|i snk2005/4911
|8 0
|0 0
|1 0
|4 0
|d 2005-03-31
|l 0
|r 2025-11-21 00:00:00
|w 2026-02-24
|
| 952 |
|
|
|a SNK
|b SNK
|y VYP
|7 0
|p 17A0461772
|o snkSD 74661 D1
|i snk2005/4912
|8 0
|0 0
|1 0
|4 0
|d 2005-03-31
|l 0
|r 2017-06-30 00:00:00
|w 2026-02-24
|